Annuaire historique pour l'année ...

محفوظ في:

التنسيق: دورية

اللغة: Undetermined

منشور في: JSTOR
Editions de Boccard

الوصول للمادة أونلاين: Login to view Source

الوسوم: إضافة وسم

لا توجد وسوم, كن أول من يضع وسما على هذه التسجيلة!

رقم الطلب:

LEADER 00491nas a2200157Ia 4500
008 220214c99999999xx |||||||||||| ||und||
022 |a 0399-1342 
022 |a 2332-418X 
245 0 0 |a Annuaire historique pour l'année ... 
264 1 |b JSTOR 
264 1 |b Editions de Boccard 
362 0 |a Vol. 1(1837)-27 (1863) 
856 4 0 |u https://www.jstor.org/journal/annuhistpouranne 
942 |c JL 
952 |0 0  |1 0  |4 0  |7 1  |9 33902  |a JSR  |b JSR  |d 2022-02-14  |l 0  |r 2022-02-14 00:00:00  |w 2022-02-14  |y JL 
999 |c 42236  |d 42236